Clips musicaux les plus vus sur YouTube - Statistiques

Statistiques générales
  • Ce quiz a été pris 47 fois
  • Le résultat moyen est 10 sur 15
Statistiques - réponses
Vues (Milliards) Chanson Artiste % Correct
4,468 Mil Waka Waka Shakira (ft. Freshlyground)
93%
6,680 Mil Shape of You Ed Sheeran
86%
4,124 Mil Perfect Ed Sheeran
86%
4,283 Mil Roar Katy Perry
83%
4,134 Mil Dark Horse Katy Perry (ft. Juicy J)
81%
4,074 Mil Sorry Justin Bieber
79%
5,770 Mil Uptown Funk Mark Ronson (ft. Bruno Mars)
79%
5,876 Mil Gangnam Style PSY
76%
8,960 Mil Despacito Luis Fonsi (ft Daddy Yankee)
74%
6,945 Mil See You Again Wiz Khalifa (ft. Charlie Puth)
69%
4,353 Mil Sugar Maroon 5
64%
4,375 Mil Counting Stars OneRepublic
62%
5,786 Mil Axel F Crazy Frog
52%
4,022 Mil Let Her Go Passenger
38%
5,388 Mil Dame Tu Cosita El Chombo (ft.Cutty Ranks)
10%
Aucun quiz correspondant
Distribution des résultats
% des personnes avec chaque résultat
Percentile par nombre de réponses
Votre historique - résultats
Vous n’avez pas pris ce quiz